JETRO - Its organization and funtions
Bewaard in:
| Formaat: | Boek |
|---|---|
| Taal: | Undetermined |
| Gepubliceerd in: |
Tokyo
JETRO
1974
|
| Onderwerpen: | |
| Tags: |
Voeg label toe
Geen labels, Wees de eerste die dit record labelt!
|
| Thư viện lưu trữ: | Trung tâm Học liệu Trường Đại học Cần Thơ |
|---|
| LEADER | 00368nam a2200145Ia 4500 | ||
|---|---|---|---|
| 001 | CTU_78865 | ||
| 008 | 210402s9999 xx 000 0 und d | ||
| 082 | |a 380.1 | ||
| 082 | |b J.58 | ||
| 245 | 0 | |a JETRO - Its organization and funtions | |
| 260 | |a Tokyo | ||
| 260 | |b JETRO | ||
| 260 | |c 1974 | ||
| 650 | |a Trade | ||
| 980 | |a Trung tâm Học liệu Trường Đại học Cần Thơ | ||